000 00741nam a2200229Ia 4500
003 OSt
005 20220923221900.0
006 a|||||r|||| 00| 0
007 ta
008 220922b |||||||| |||| 00| 0 hin d
024 _a200,816
037 _cTextual
040 _aARTS
_cARTS
_bhin
041 _2hin
_ahin
082 _aO164:1G06w, 152F3
100 _aवाचस्पति, जगदीशचन्द्र
245 0 _aमौलाना रूम
246 _aMaulānā rūma
490 _aहिन्दी पुस्तक एजेन्सी माला 38
942 _hO164:1G06w, 152F3
_cTEXL
_2CC
999 _c352487
_d352487